| 000 | 00729cam a2200241 4500 | ||
|---|---|---|---|
| 001 | J1146 | ||
| 008 | 090401t1992 xxu||||| |||| 00| 0 eng d | ||
| 035 | _a(Sirsi) u42027 | ||
| 041 | _aeng | ||
| 050 | _a692.9 | ||
| 090 | _aJCT 1992/5A | ||
| 110 |
_aJoint Contracts Tribunal _93664 |
||
| 245 | _aNominated Sub-contract Conditions (NSC/C): Amendment 1 issued nominated sub-contract referred to in the Articles of Nominated | ||
| 260 |
_aLondon _bBEC Publications _c1992 |
||
| 300 | _a23p. ; 30cm. | ||
| 350 | _a0 | ||
| 650 | _aJCT STANDARD FORMS OF NOMINATED SUB-CONTRACT 1980 | ||
| 650 | _aNSCC | ||
| 650 | _aSUBCONTRACTS | ||
| 690 | _aBUILT ENVIRONMENT-BUILDING CONTRACT FORMS | ||
| 942 | _n0 | ||
| 948 | _c04/03/1997 | ||
| 999 |
_c91014 _d91014 |
||